000 00631nam a2200241Ia 4500
003 OSt
005 20221005120756.0
006 a|||||r|||| 00| 0
007 ta
008 221004b |||||||| |||| 00| 0 urd d
024 _a12082
037 _cTextual
040 _aCRL
_cCRL
_burd
041 _2urd
_aurd
082 _aO168,1N11:g, M1
100 _aSiddiqui Salma Ed.
_9629633
245 0 _aFaiz Ahmad Faiz Number
_b Fun aur Shakhsiyat
260 _c1981
300 _a700p.
_ccm.
650 _aURDU POETRY
942 _hO168,1N11:g, M1
_cTEXL
_2cc
999 _c1039084
_d1039084